[Event "CRO-chT3 West"]
[Site "Croatia"]
[Date "2020.10.24"]
[Round "7.3"]
[White "Derencinovic, Radoslav"]
[Black "Konic, Zlatko"]
[Result "0-1"]
[WhiteElo "1797"]
[BlackElo "2069"]
[PlyCount "80"]
[EventDate "2020.09.12"]
[EventType "team-tourn"]
[EventRounds "9"]
[EventCountry "CRO"]
[SourceTitle "EXT 2022"]
[Source "ChessBase"]
[SourceDate "2021.10.06"]
[SourceVersion "1"]
[SourceVersionDate "2021.10.06"]
[SourceQuality "1"]
[WhiteTeam "Gospic"]
[BlackTeam "Pula II"]
[WhiteTeamCountry "CRO"]
[BlackTeamCountry "CRO"]

1. Nf3 d5 2. d4 Nf6 3. Bg5 e6 4. e3 Be7 5. c4 c6 6. Nc3 0-0 7. c5 Nbd7 8. Bd3 e5 9. dxe5 Ng4 10. Bxe7 Qxe7 11. b4 Ndxe5 12. 0-0 a5 13. h3 axb4 14. Na4 Nxd3 15. Nb6 Ra3 16. Nxc8 Rxc8 17. hxg4 Nxc5 18. Qd4 Ne6 19. Qe5 f6 20. Qb2 Rca8 21. Rfb1 c5 22. Rd1 Nc7 23. Kh2 Qe6 24. g5 fxg5 25. Nxg5 Qf5 26. Nh3 Nb5 27. Nf4 Nc3 28. Rdc1 g5 29. Nh5 R8a6 30. Ng3 Qe5 31. Qd2 Rxa2 32. Rxa2 Rxa2 33. Rc2 Rxc2 34. Qxc2 c4 35. Kh1 Ne4 36. Qa4 Nxf2+ 37. Kg1 Ng4 38. Qa8+ Kg7 39. Qxb7+ Kg6 40. Qb6+ Qf6 0-1

[Event "Pula op 31st"]
[Site "Pula"]
[Date "2017.09.15"]
[Round "8"]
[White "Konic, Zlatko"]
[Black "Szamoskozi, Gabor"]
[Result "0-1"]
[WhiteElo "2077"]
[BlackElo "2298"]
[PlyCount "62"]
[EventDate "2017.09.09"]
[EventType "swiss"]
[EventRounds "9"]
[EventCountry "CRO"]
[SourceTitle "CBM 180 Extra"]
[Source "ChessBase"]
[SourceDate "2017.10.06"]
[SourceVersion "1"]
[SourceVersionDate "2017.10.06"]
[SourceQuality "1"]

1. d4 Nf6 2. Bg5 Ne4 3. Bf4 c5 4. f3 Qa5+ 5. c3 Nf6 6. Nd2 cxd4 7. Nb3 Qb6 8. Qxd4 Nc6 9. Qxb6 axb6 10. Be3 b5 11. Nd4 Nxd4 12. Bxd4 d6 13. e4 Bd7 14. a3 e5 15. Be3 d5 16. exd5 Nxd5 17. Bf2 b4 18. Bc4 Nf4 19. cxb4 b5 20. g3 Bxb4+ 21. Kf1 bxc4 22. gxf4 c3 23. bxc3 Bxc3 24. Rc1 Bd2 25. Rb1 Bxf4 26. Bc5 Rc8 27. Bd6 Rc6 28. Rb8+ Bc8 29. Kf2 Kd7 30. Bb4 Rc2+ 31. Ne2 Rxe2+ 0-1

[Event "CRO-chT3 West"]
[Site "Croatia"]
[Date "2017.03.26"]
[Round "3.2"]
[White "Konic, Zlatko"]
[Black "Rajter, Emil"]
[Result "1/2-1/2"]
[WhiteElo "2097"]
[BlackElo "1891"]
[PlyCount "147"]
[EventDate "2017.03.25"]
[EventType "team-tourn"]
[EventRounds "9"]
[EventCountry "CRO"]
[SourceTitle "EXT 2019"]
[Source "ChessBase"]
[SourceDate "2018.10.10"]
[SourceVersion "1"]
[SourceVersionDate "2018.10.10"]
[SourceQuality "1"]

1. d4 Nf6 2. c4 e6 3. Nf3 Bb4+ 4. Bd2 Qe7 5. e3 Bxd2+ 6. Qxd2 d6 7. Bd3 e5 8. Bc2 Bg4 9. d5 0-0 10. Nc3 Nbd7 11. 0-0 Bxf3 12. gxf3 a5 13. Kh1 Nc5 14. Rg1 g6 15. Rg3 Nh5 16. Rg2 Rae8 17. a3 Ra8 18. Rag1 Kh8 19. Rg5 f6 20. R5g4 f5 21. Rg5 Rf6 22. Qd1 Qf7 23. Nb5 Ng7 24. Qf1 Nh5 25. Qb1 Ng7 26. b4 axb4 27. axb4 Na6 28. Nc3 Qe7 29. Qb2 Rff8 30. Ne2 c5 31. bxc5 Nxc5 32. f4 Nh5 33. Ng3 Nxg3+ 34. R5xg3 Qf6 35. fxe5 Qxe5 36. Rb1 Rfe8 37. Rgg1 Qxb2 38. Rxb2 Ra6 39. Kg2 Kg7 40. Rgb1 Rea8 41. f3 Kf6 42. Kg3 Ra1 43. Rxa1 Rxa1 44. h4 Ra3 45. Rb6 Ke7 46. Kf4 Rc3 47. Bb1 Rxc4+ 48. Kg5 Rc3 49. Kf4 Rb3 50. Rxb3 Nxb3 51. e4 fxe4 52. Bxe4 Kf6 53. Bd3 Nc5 54. Bb5 h6 55. Bf1 g5+ 56. hxg5+ hxg5+ 57. Kg4 Nd7 58. f4 gxf4 59. Kxf4 Nb6 60. Ke4 Na4 61. Kd4 Nc5 62. Be2 Ke7 63. Kc4 Kd7 64. Bg4+ Kc7 65. Kb5 Na6 66. Bf5 Nc5 67. Bc2 Nd7 68. Be4 Ne5 69. Bf5 Nf3 70. Bg4 Nd4+ 71. Kc4 Nc6 72. dxc6 bxc6 73. Bf3 Kb6 74. Bg2 1/2-1/2

[Event "CRO-chT2W"]
[Site "Croatia"]
[Date "2016.03.06"]
[Round "2.2"]
[White "Cucancic, Sinisa"]
[Black "Konic, Zlatko"]
[Result "1/2-1/2"]
[WhiteElo "2229"]
[BlackElo "2130"]
[PlyCount "99"]
[EventDate "2016.03.05"]
[EventType "team-tourn"]
[EventRounds "9"]
[EventCountry "CRO"]
[SourceTitle "CBM 171 Extra"]
[Source "ChessBase"]
[SourceDate "2016.04.26"]
[SourceVersion "1"]
[SourceVersionDate "2016.04.26"]
[SourceQuality "1"]
[WhiteTeam "Karlobag"]
[BlackTeam "Pula Uljanik"]
[WhiteTeamCountry "CRO"]
[BlackTeamCountry "CRO"]

1. e4 e5 2. Nf3 Nc6 3. Bb5 a6 4. Ba4 Nf6 5. 0-0 Be7 6. d4 exd4 7. Re1 0-0 8. e5 Nd5 9. c3 Nb6 10. Bb3 d6 11. cxd4 Bg4 12. e6 fxe6 13. Bxe6+ Bxe6 14. Rxe6 Qd7 15. Re1 Rae8 16. Nc3 Qf5 17. Be3 Kh8 18. d5 Ne5 19. Nd4 Qg6 20. f4 Ng4 21. Ne6 Bh4 22. Nxf8 Rxf8 23. Bxb6 Bxe1 24. Qxe1 cxb6 25. Qd2 Re8 26. Re1 h6 27. h3 Nf6 28. Re6 Rd8 29. Qd4 Re8 30. Qxb6 Rxe6 31. dxe6 Qd3 32. e7 Kh7 33. Qf2 Kg6 34. Kh2 Kf7 35. Qe1 Qd4 36. g3 b5 37. a3 d5 38. Qe2 g6 39. Kg2 Ne4 40. e8Q+ Kxe8 41. Kf3 Kf7 42. Nxe4 dxe4+ 43. Qxe4 Qxb2 44. Qb7+ Kg8 45. Qxa6 Qb3+ 46. Kf2 Qc2+ 47. Ke3 Qc3+ 48. Kf2 Qd2+ 49. Kf3 Qd3+ 50. Kf2 1/2-1/2

[Event "Pula op 29th"]
[Site "Pula"]
[Date "2015.06.14"]
[Round "2"]
[White "Stocko, Josip"]
[Black "Konic, Zlatko"]
[Result "0-1"]
[WhiteElo "2343"]
[BlackElo "2079"]
[PlyCount "70"]
[EventDate "2015.06.13"]
[EventType "swiss"]
[EventRounds "9"]
[EventCountry "CRO"]
[SourceTitle "CBM 167 Extra"]
[Source "ChessBase"]
[SourceDate "2015.09.14"]
[SourceVersion "1"]
[SourceVersionDate "2015.09.14"]
[SourceQuality "1"]

1. e4 e5 2. Nf3 Nc6 3. Bc4 Bc5 4. 0-0 Nf6 5. d3 0-0 6. Re1 d6 7. c3 Ne7 8. a4 a6 9. Nbd2 Ng6 10. Nf1 h6 11. Ng3 Ba7 12. Bb3 Re8 13. h3 Be6 14. d4 c6 15. Bxe6 fxe6 16. dxe5 dxe5 17. Qc2 Qc7 18. Nf1 Rad8 19. Be3 Bxe3 20. Nxe3 Re7 21. a5 Nh5 22. Nc4 Rf7 23. Nh2 Rdf8 24. f3 Qe7 25. Ng4 Qc5+ 26. Nce3 Nhf4 27. Kh2 h5 28. Nf2 Qe7 29. Nd3 Nxh3 30. gxh3 Rxf3 31. Ng2 Qg5 32. Re2 Qg3+ 33. Kg1 Re3 34. Ree1 Ref3 35. Qd2 Nf4 0-1

[Event "Pula-ch"]
[Site "Pula"]
[Date "2015.02.12"]
[Round "9"]
[White "Konic, Zlatko"]
[Black "Fercec, Nenad"]
[Result "0-1"]
[WhiteElo "2099"]
[BlackElo "2438"]
[PlyCount "92"]
[EventDate "2015.01.15"]
[EventType "swiss"]
[EventRounds "9"]
[EventCountry "CRO"]
[SourceTitle "EXT 2016"]
[Source "ChessBase"]
[SourceDate "2015.10.08"]
[SourceVersion "1"]
[SourceVersionDate "2015.10.08"]
[SourceQuality "1"]

1. d4 Nf6 2. c4 e6 3. Nc3 Bb4 4. Qc2 0-0 5. Bg5 h6 6. Bf4 c5 7. e3 cxd4 8. exd4 Nc6 9. Be3 d5 10. Nf3 Ng4 11. a3 Nxe3 12. fxe3 Bxc3+ 13. Qxc3 Bd7 14. Be2 dxc4 15. Bxc4 Rc8 16. Qd3 Na5 17. Ba2 a6 18. Kf2 Bb5 19. Qe4 Nc4 20. Bxc4 Bxc4 21. Rhc1 Bd5 22. Qd3 f5 23. Rxc8 Qxc8 24. Ne5 Be4 25. Qd2 Qe8 26. Kg1 Qh5 27. Rc1 Qg5 28. g3 Qh5 29. Qd1 Qxd1+ 30. Rxd1 Rc8 31. Rd2 Rc1+ 32. Kf2 g5 33. Nf3 Kf7 34. Ne1 Ke7 35. Ke2 Rb1 36. b4 Ra1 37. Nd3 Rh1 38. b5 Rxh2+ 39. Nf2 axb5 40. Kf1 Bf3 41. Rb2 h5 42. Rxb5 h4 43. gxh4 g4 44. e4 g3 45. Rxb7+ Kf6 46. Rb8 Kg7 0-1

[Event "Pula op 27th"]
[Site "Pula"]
[Date "2013.06.09"]
[Round "2"]
[White "Konic, Zlatko"]
[Black "Okhotnik, Vladimir"]
[Result "0-1"]
[WhiteElo "2109"]
[BlackElo "2399"]
[PlyCount "58"]
[EventDate "2013.06.08"]
[EventType "swiss"]
[EventRounds "9"]
[EventCountry "CRO"]
[SourceTitle "CBM 154 Extra"]
[Source "ChessBase"]
[SourceDate "2013.06.25"]
[SourceVersion "2"]
[SourceVersionDate "2013.06.25"]
[SourceQuality "1"]

1. d4 Nf6 2. c4 g6 3. Nc3 d5 4. cxd5 Nxd5 5. Nxd5 Qxd5 6. e3 Bg7 7. Ne2 c5 8. Nc3 Qd8 9. d5 0-0 10. Be2 e6 11. e4 exd5 12. exd5 Nd7 13. 0-0 b6 14. Bf4 Bb7 15. Bf3 Ne5 16. Be2 g5 17. Bxe5 Bxe5 18. Bc4 Qf6 19. g3 Rad8 20. Qd3 Bxc3 21. bxc3 b5 22. Bxb5 Rxd5 23. Qe4 Rfd8 24. Bc4 R5d7 25. Qg4 Bf3 26. Qh3 Re7 27. Rfe1 Qxc3 28. Rec1 Qf6 29. Qf1 Ba8 0-1

[Event "Porec op"]
[Site "Porec"]
[Date "2011.12.01"]
[Round "1"]
[White "Konic, Zlatko"]
[Black "Rafaelic, Denis"]
[Result "1/2-1/2"]
[WhiteElo "2118"]
[BlackElo "1745"]
[PlyCount "102"]
[EventDate "2011.12.01"]
[EventType "swiss"]
[EventRounds "7"]
[EventCountry "CRO"]
[SourceTitle "CBM 145 Extra"]
[Source "ChessBase"]
[SourceDate "2012.01.03"]
[SourceVersion "1"]
[SourceVersionDate "2012.01.03"]
[SourceQuality "1"]

1. d4 Nf6 2. c4 g6 3. Nc3 Bg7 4. e4 d6 5. Nf3 0-0 6. Be2 e5 7. dxe5 dxe5 8. Bg5 Qxd1+ 9. Rxd1 c6 10. h3 Be6 11. 0-0 Na6 12. Be3 Nh5 13. Ng5 Nf4 14. Nxe6 Nxe6 15. a3 Nd4 16. b4 Nc7 17. c5 a5 18. Bc4 axb4 19. axb4 Ra3 20. Ne2 Ra4 21. Nxd4 exd4 22. Bxd4 Rxb4 23. Bxg7 Kxg7 24. Rc1 Rd8 25. f3 Rd2 26. Rf2 Rxf2 27. Kxf2 Kf6 28. Ke3 Ne6 29. Bxe6 Kxe6 30. g4 f5 31. Kf4 fxe4 32. fxe4 Rb2 33. Kg5 Ke5 34. Kh6 Kxe4 35. Kxh7 g5 36. Kg6 Kf4 37. Rc4+ Kg3 38. Kxg5 Kxh3 39. Rc3+ Kg2 40. Kg6 Kf2 41. g5 Ke2 42. Kf7 Kd2 43. Rf3 Rb5 44. Rf5 b6 45. g6 bxc5 46. g7 Rb7+ 47. Kg6 Rxg7+ 48. Kxg7 c4 49. Rc5 c3 50. Rxc6 c2 51. Rxc2+ Kxc2 1/2-1/2

[Event "CRO-chT2 West"]
[Site "Croatia"]
[Date "2011.11.06"]
[Round "8.42"]
[White "Licardo, Renato"]
[Black "Konic, Zlatko"]
[Result "1-0"]
[WhiteElo "2186"]
[BlackElo "2082"]
[PlyCount "103"]
[EventDate "2011.03.12"]
[EventType "team-tourn"]
[EventRounds "9"]
[EventCountry "CRO"]
[SourceTitle "EXT 2014"]
[Source "ChessBase"]
[SourceDate "2013.11.20"]
[SourceVersion "1"]
[SourceVersionDate "2013.11.20"]
[SourceQuality "1"]

1. e4 e6 2. d4 d5 3. e5 c5 4. c3 Nc6 5. Nf3 Qb6 6. a3 a5 7. Bd3 Bd7 8. 0-0 Nge7 9. dxc5 Qc7 10. Qe1 a4 11. Qe2 Ng6 12. Re1 Bxc5 13. Bg5 0-0 14. Nbd2 Be7 15. Bxe7 Ncxe7 16. g3 Qb6 17. Rab1 f5 18. exf6 Rxf6 19. Qe3 Qc7 20. Bxg6 Nxg6 21. Ne5 Nxe5 22. Qxe5 Qc5 23. Ne4 Qf8 24. Nxf6+ gxf6 25. Qc7 Qc8 26. Qxc8+ Rxc8 27. f4 Kf7 28. Rbd1 f5 29. Rd4 Rc7 30. Rb4 b5 31. Rd4 Kf6 32. Kf2 Rc8 33. h3 h5 34. Kf3 Rg8 35. Rg1 Be8 36. Rd2 Ke7 37. Rh2 Kd6 38. g4 h4 39. g5 Bh5+ 40. Ke3 e5 41. fxe5+ Kxe5 42. Rf2 Bg6 43. Rf4 Rh8 44. Rb4 Rh7 45. Rxb5 f4+ 46. Kf2 Rc7 47. Rg4 Bd3 48. Rb4 Bc4 49. Rxh4 Kf5 50. Rg4 Re7 51. Rxc4 dxc4 52. g6 1-0

[Event "Porec op"]
[Site "Porec"]
[Date "2009.12.04"]
[Round "7"]
[White "Djodj, Goran"]
[Black "Konic, Zlatko"]
[Result "1/2-1/2"]
[WhiteElo "1924"]
[BlackElo "2080"]
[PlyCount "136"]
[EventDate "2009.12.03"]
[EventType "swiss"]
[EventRounds "7"]
[EventCountry "CRO"]
[SourceTitle "CBM 133 Extra"]
[Source "ChessBase"]
[SourceDate "2010.01.05"]
[SourceVersion "1"]
[SourceVersionDate "2010.01.05"]
[SourceQuality "1"]

1. d4 Nf6 2. c4 e5 3. dxe5 Ng4 4. Nf3 Bc5 5. e3 Nc6 6. Qd5 Qe7 7. a3 Ngxe5 8. Nxe5 Qxe5 9. Qxe5+ Nxe5 10. b4 Be7 11. Bb2 d6 12. Nc3 c6 13. Be2 0-0 14. 0-0 Be6 15. c5 dxc5 16. Ne4 Nc4 17. Bxc4 Bxc4 18. Rfc1 b5 19. Nxc5 Bxc5 20. bxc5 Rfd8 21. Rd1 f6 22. Bc3 Kf7 23. Ba5 Rd5 24. Rxd5 cxd5 25. c6 Ke6 26. c7 Kd7 27. Rd1 Re8 28. Rd4 f5 29. Rh4 h6 30. Rf4 g6 31. h4 h5 32. Rf3 Re6 33. Rf4 Ra6 34. Bb4 Kxc7 35. g4 Be2 36. gxf5 gxf5 37. Rxf5 Rg6+ 38. Kh2 Kc6 39. Rf8 Kd7 40. Rf7+ Ke6 41. Rxa7 Rg4 42. Ra6+ Ke5 43. Bd6+ Kf5 44. Bg3 Bf3 45. Ra8 Ke4 46. Rf8 Be2 47. Kg2 Rg6 48. Rf4+ Ke5 49. a4 bxa4 50. Rxa4+ Ke6 51. Rb4 Rf6 52. Bf4 Rf7 53. Rb6+ Kf5 54. f3 d4 55. Rh6 Rg7+ 56. Kf2 dxe3+ 57. Bxe3 Bd1 58. Rxh5+ Kg6 59. Rh6+ Kf7 60. Rd6 Bc2 61. Rd7+ Kg6 62. Rxg7+ Kxg7 63. Bg5 Kg6 64. Ke3 Bb1 65. Kf4 Ba2 66. Ke5 Bb1 67. f4 Bc2 68. Be7 Bb1 1/2-1/2

[Event "CRO-chT3"]
[Site "Rijeka/Pula"]
[Date "2009.04.25"]
[Round "4"]
[White "Konic, Zlatko"]
[Black "Acinger, Zeljko"]
[Result "1-0"]
[WhiteElo "2053"]
[BlackElo "1987"]
[PlyCount "180"]
[EventDate "2009.04.04"]
[EventType "team-tourn"]
[EventRounds "9"]
[EventCountry "CRO"]
[SourceTitle "EXT 2011"]
[Source "ChessBase"]
[SourceDate "2010.11.26"]
[SourceVersion "1"]
[SourceVersionDate "2010.11.26"]
[SourceQuality "1"]

1. d4 c5 2. d5 Nf6 3. c4 g6 4. Nc3 Bg7 5. Nf3 0-0 6. e4 d6 7. h3 a6 8. a4 Qa5 9. Bd2 Qc7 10. Bd3 e5 11. 0-0 Ne8 12. a5 f5 13. Ng5 b6 14. axb6 Qxb6 15. Na4 Qd8 16. Qb3 f4 17. Nb6 Qxg5 18. Nxc8 Nc6 19. dxc6 Rxc8 20. Rxa6 Nc7 21. Ra7 Ne6 22. f3 Rxc6 23. Bc3 Qf6 24. Rfa1 h5 25. Rd7 Rf7 26. Ra8+ Kh7 27. Qb5 Rxd7 28. Qxc6 Qe7 29. Ra6 Bf8 30. Bf1 Rc7 31. Qd5 Rd7 32. Qc6 Rc7 33. Qa4 Nd4 34. Ra8 Kg7 35. Re8 Qf7 36. Ra8 Qd7 37. Bxd4 exd4 38. Qa6 Qc6 39. Qa5 Qb7 40. Bd3 Be7 41. Ra6 Rd7 42. Rb6 Qa7 43. Qb5 Qa1+ 44. Kh2 Qa7 45. e5 Bh4 46. Ra6 Bg3+ 47. Kg1 Qc7 48. Kf1 Re7 49. Qa4 Rxe5 50. Be4 Re7 51. Qc2 Qb7 52. Ra1 Qb4 53. Ke2 d5 54. cxd5 c4 55. Kf1 d3 56. Qc3+ Qxc3 57. bxc3 Kf6 58. Ra6+ Kf7 59. Bxg6+ Kg7 60. Be4 Rb7 61. Ra1 Kf7 62. d6 Rb2 63. Bd5+ Kf6 64. Bxc4 Rf2+ 65. Kg1 Rc2 66. Bxd3 Rxc3 67. Be4 Ke6 68. Rd1 Rc8 69. d7 Rd8 70. Bc6 Bh4 71. Kf1 Bf6 72. Ke2 Rb8 73. Kd3 Kd6 74. Ba4 Rb4 75. d8Q+ Bxd8 76. Kc3+ Kc5 77. Rxd8 Rxa4 78. Rh8 Ra3+ 79. Kb2 Re3 80. Rxh5+ Kb4 81. Rg5 Re2+ 82. Kc1 Kc3 83. Kd1 Ra2 84. Ke1 Kd3 85. Kf1 Ra1+ 86. Kf2 Ra2+ 87. Kg1 Ra1+ 88. Kh2 Ke3 89. Re5+ Kf2 90. Re4 Rg1 1-0

[Event "Pula op 22nd"]
[Site "Pula"]
[Date "2008.06.21"]
[Round "1"]
[White "Saric, Ante"]
[Black "Konic, Zlatko"]
[Result "1-0"]
[WhiteElo "2505"]
[BlackElo "2054"]
[PlyCount "93"]
[EventDate "2008.06.21"]
[EventType "swiss"]
[EventRounds "9"]
[EventCountry "CRO"]
[SourceTitle "CBM 125 Extra"]
[Source "ChessBase"]
[SourceDate "2008.09.01"]
[SourceVersion "1"]
[SourceVersionDate "2008.09.01"]
[SourceQuality "1"]

1. d4 d5 2. c4 c6 3. Nf3 Nf6 4. e3 e6 5. Bd3 dxc4 6. Bxc4 b5 7. Be2 Bb7 8. 0-0 Nbd7 9. a4 a6 10. Nbd2 Be7 11. Nb3 0-0 12. Bd2 b4 13. a5 Ne4 14. Be1 Rc8 15. Nfd2 Nd6 16. Nc5 Nxc5 17. dxc5 Nb5 18. Qc2 Rb8 19. Nb3 e5 20. Bxb4 Bc8 21. Rfd1 Qe8 22. Be1 f5 23. Bc4+ Kh8 24. f3 Qh5 25. Rd2 Qg5 26. Bf2 f4 27. Re1 Bf5 28. Bd3 Bh3 29. Bf1 Be6 30. exf4 Qxf4 31. Nc1 Bf5 32. Qd1 Rfd8 33. Nd3 Bxd3 34. Rxd3 Bf6 35. Re4 Qf5 36. Rxd8+ Rxd8 37. Qe1 Rb8 38. f4 Re8 39. Bd3 Qh5 40. Be2 Qf7 41. Bf3 Nc7 42. fxe5 Be7 43. e6 Qf5 44. Re5 Qc2 45. Bxc6 Rf8 46. Re2 Qc4 47. b4 1-0

[Event "CRO Cup 17th"]
[Site "Sibenik"]
[Date "2008.05.23"]
[Round "3"]
[White "Konic, Zlatko"]
[Black "Vidovic, Mario"]
[Result "1/2-1/2"]
[WhiteElo "2054"]
[BlackElo "2180"]
[PlyCount "67"]
[EventDate "2008.05.21"]
[EventType "swiss"]
[EventRounds "5"]
[EventCountry "CRO"]
[SourceTitle "CBM 124 Extra"]
[Source "ChessBase"]
[SourceDate "2008.07.03"]
[SourceVersion "1"]
[SourceVersionDate "2008.07.03"]
[SourceQuality "1"]

1. d4 Nf6 2. c4 e6 3. a3 Nc6 4. Nc3 d5 5. e3 dxc4 6. Bxc4 Bd6 7. Nf3 0-0 8. 0-0 e5 9. dxe5 Nxe5 10. Nxe5 Bxe5 11. h3 c6 12. Qf3 Qe7 13. Bd2 Be6 14. Qe2 Rfd8 15. Rfd1 Rd7 16. Be1 Rad8 17. Rxd7 Rxd7 18. Bxe6 Qxe6 19. Qc2 g6 20. Rc1 Qc4 21. Rd1 Nd5 22. Qd3 Qxd3 23. Rxd3 Nb6 24. Rxd7 Nxd7 25. Kf1 f5 26. Ke2 Kf7 27. f3 b5 28. Kd3 Nb6 29. b3 a6 30. e4 Bd6 31. a4 Bb4 32. Bf2 Nd7 33. axb5 axb5 34. Ne2 1/2-1/2

[Event "Porec op"]
[Site "Porec"]
[Date "2005.12.03"]
[Round "5"]
[White "Konic, Zlatko"]
[Black "Kalajzic, Ivan"]
[Result "0-1"]
[WhiteElo "2082"]
[BlackElo "2154"]
[PlyCount "44"]
[EventDate "2005.12.01"]
[EventType "swiss"]
[EventRounds "7"]
[EventCountry "CRO"]
[SourceTitle "CBM 109 Extra"]
[Source "ChessBase"]
[SourceDate "2006.01.03"]
[SourceVersion "2"]
[SourceVersionDate "2006.01.03"]
[SourceQuality "1"]

1. d4 Nc6 2. c4 e5 3. dxe5 Nxe5 4. e3 Nf6 5. Nf3 Ng6 6. a3 b6 7. Nc3 Bb7 8. Be2 Be7 9. 0-0 0-0 10. Qc2 Re8 11. b3 d6 12. Bb2 Qd7 13. Nd4 Nh4 14. f3 c5 15. Rad1 cxd4 16. exd4 d5 17. Bd3 dxc4 18. Bxc4 Rac8 19. Qf2 Nd5 20. Ne2 Nf5 21. Rfe1 Nde3 22. Rc1 Nxg2 0-1

[Event "Porec op"]
[Site "Porec"]
[Date "2005.12.01"]
[Round "2"]
[White "Fucak, Emilijo"]
[Black "Konic, Zlatko"]
[Result "1-0"]
[WhiteElo "2302"]
[BlackElo "2082"]
[PlyCount "93"]
[EventDate "2005.12.01"]
[EventType "swiss"]
[EventRounds "7"]
[EventCountry "CRO"]
[SourceTitle "CBM 109 Extra"]
[Source "ChessBase"]
[SourceDate "2006.01.03"]
[SourceVersion "2"]
[SourceVersionDate "2006.01.03"]
[SourceQuality "1"]

1. c4 Nf6 2. Nc3 e5 3. g3 c6 4. Bg2 Be7 5. e4 Na6 6. Nge2 0-0 7. 0-0 d6 8. d4 Bg4 9. h3 Bh5 10. Be3 Nd7 11. Qd2 f6 12. f4 Bf7 13. b3 Qa5 14. dxe5 fxe5 15. Nd5 Qd8 16. Nxe7+ Qxe7 17. Rad1 exf4 18. Bxf4 Ne5 19. Qxd6 Qxd6 20. Rxd6 Ng6 21. Be3 Rfe8 22. Rd7 Re7 23. Rfd1 Kf8 24. Rxe7 Kxe7 25. Nd4 Be6 26. Nxe6 Kxe6 27. h4 Nf8 28. Bh3+ Kf7 29. a3 Kg8 30. b4 Nc7 31. Bf4 Ne8 32. c5 Nf6 33. e5 Nd5 34. Bg2 Nxf4 35. gxf4 Ng6 36. Rd7 Rb8 37. e6 Nxf4 38. e7 Re8 39. Rxb7 Nxg2 40. Kxg2 Ra8 41. Rd7 Re8 42. Rxa7 Kf7 43. Rc7 Ra8 44. Rxc6 Kxe7 45. Rc7+ Kf6 46. b5 Rxa3 47. b6 1-0